00486nam a22001577a 450000500170000001000150001702000250003203500140005703700130007108200080008410000180009224500940011026000420020427000600024630000220030620180803121556.0 aENG-123670 c50.00a9789387871373 aEN-107202 bDBAD/PUB a881 aThamodaran N. aVoice for the voiceless:cby N. Thamodaran N. [and] S. sivaKarthickba pile of po-quote / aMadurai bShanlax Publications c2018 a61, 66 T.P.K Main Road Vasantha Nagar bMaduraie625003 a40p. :c21cm(pbk)